Quo vadis, Romové? : ptá se Emil Ščuka

Saved in:
Bibliographic Details
Main Author Balvín, Jaroslav, 1947- (Author)
Format Book
LanguageCzech
English
Published Praha : Muzeum romského národního obrození, z.s., 2024
Subjects
ISBN978-80-907813-4-4
Physical Description356 stran : ilustrace (převážně barevné), portréty, faksimile ; 31 cm

Cover

LEADER 00000aam a2200000 i 4500
001 115529
003 CZ-ZlUTB
005 20260429082905.0
007 ta
008 250408s2024 xr ach e 000 0bcze
015 |a cnb003681200 
020 |a 978-80-907813-4-4  |q (vázáno) 
040 |a OLA001  |b cze  |d ZLD002  |e rda 
041 1 |a cze  |a eng  |b cze  |b eng  |h cze 
043 |a e-xr--- 
045 |a x5y2 
072 7 |a 316.3  |x Globální společnosti. Sociální struktura. Sociální skupiny  |2 Konspekt  |9 18 
072 7 |a 929  |x Biografie  |2 Konspekt  |9 8 
080 |a 32-051  |2 MRF 
080 |a (=214.58)  |2 MRF 
080 |a 94(=214.58)  |2 MRF 
080 |a 061(=214.58)  |2 MRF 
080 |a 929  |2 MRF 
080 |a (437.3)  |2 MRF 
080 |a (092)  |2 MRF 
100 1 |a Balvín, Jaroslav,  |d 1947-  |7 xx0001374  |4 aut 
245 1 0 |a Quo vadis, Romové? :  |b ptá se Emil Ščuka /  |c Jaroslav Balvín 
264 1 |a Praha :  |b Muzeum romského národního obrození, z.s.,  |c 2024 
300 |a 356 stran :  |b ilustrace (převážně barevné), portréty, faksimile ;  |c 31 cm 
336 |a text  |b txt  |2 rdacontent 
337 |a bez média  |b n  |2 rdamedia 
338 |a svazek  |b nc  |2 rdacarrier 
500 |a Chronologický přehled 
504 |a Obsahuje bibliografii a bibliografické odkazy 
546 |a Částečně souběžný anglický text, české a anglické resumé 
600 1 7 |a Ščuka, Emil,  |d 1957-  |7 xx0243150  |2 czenas 
648 7 |a 20.-21. století  |7 ch462155  |2 czenas 
650 0 7 |a politici  |7 ph115781  |z Česko  |y 20.-21. století  |2 czenas 
650 0 7 |a Romové  |7 ph118051  |z Česko  |y 20.-21. století  |2 czenas 
650 0 7 |a romská otázka  |7 ph832264  |z Česko  |2 czenas 
650 0 7 |a romské organizace  |7 ph564302  |z Česko  |2 czenas 
650 0 9 |a politicians  |z Czechia  |y 20th-21st centuries  |2 eczenas 
650 0 9 |a Romanies  |z Czechia  |y 20th-21st centuries  |2 eczenas 
650 0 9 |a Roma question  |z Czechia  |2 eczenas 
650 0 9 |a Romani organizations  |z Czechia  |2 eczenas 
655 7 |a biografie  |7 fd131909  |2 czenas 
655 9 |a biography  |2 eczenas 
710 2 |a Muzeum romského národního obrození, z.s.  |4 isb 
910 |a ZLD002 
942 |2 udc 
952 |0 0  |1 0  |4 0  |5 0  |6 3163BALVÍNJ  |7 -1  |8 BOOK  |9 190859  |a UTBZL  |b UTBZL  |c 005  |d 2026-04-24  |l 0  |o 316.3/BALVÍN,J.  |p 420010202001  |r 2026-04-24 12:15:17  |v 799.00  |w 2026-04-24  |x N:nákup  |y 01 
992 |a BK  |b SK 
999 |c 115529  |d 115529